LEADER 05491nam 2200649Ia 450 001 9910452660803321 005 20200520144314.0 010 $a1-61761-707-5 035 $a(CKB)2550000001040632 035 $a(EBL)2145909 035 $a(SSID)ssj0000827236 035 $a(PQKBManifestationID)12410190 035 $a(PQKBTitleCode)TC0000827236 035 $a(PQKBWorkID)10829252 035 $a(PQKB)10280159 035 $a(MiAaPQ)EBC2145909 035 $a(Au-PeEL)EBL2145909 035 $a(CaPaEBR)ebr10654751 035 $a(OCoLC)918624064 035 $a(EXLCZ)992550000001040632 100 $a20100719d2011 uy 0 101 0 $aeng 135 $aurcn||||||||| 181 $ctxt 182 $cc 183 $acr 200 00$aCareer counseling and constructivism$b[electronic resource] $eelaboration of constructs /$fMary McMahon and Mark Watson, editors 210 $aNew York $cNova Science Publishers$dc2011 215 $a1 online resource (184 p.) 225 0$aProfessions: training, education and demographics 300 $aDescription based upon print version of record. 311 $a1-62948-575-6 311 $a1-61761-330-4 320 $aIncludes bibliographical references and index. 327 $aCAREER COUNSELING AND CONSTRUCTIVISM: ELABORATION OF CONSTRUCTS; CAREER COUNSELING AND CONSTRUCTIVISM: ELABORATION OF CONSTRUCTS; LIBRARY OF CONGRESS CATALOGING-IN-PUBLICATION DATA; CONTENTS; FOREWORD ; PREFACE; INTRODUCING THE AUTHORS; CHAPTER BY CHAPTER OVERVIEW; ACKNOWLEDGMENTS; CHAPTER 1 THE NARRATIVE OF CONSTRUCTIVISM AND CAREER COUNSELLING ; ABSTRACT; INTRODUCTION; CHANGING TIMES; THE NARRATIVE OF CHANGE; DEFINING CONSTRUCTIVIST APPROACHES; CAREER COUNSELLING IMPLICATIONS; CONCLUSION; REFERENCES; CHAPTER 2 CAREER COUNSELLING: WHAT'S THE STORY?; ABSTRACT; INTRODUCTION; WHAT'S IN A TALE? 327 $aSTORIES AND CAREER COUNSELLING CO-CONSTRUCTING A FUTURE STORY FOR CAREER COUNSELLING; CONCLUSION; REFERENCES; CHAPTER 3 THE CONSTRUCTION OF AGENCY IN CAREER COUNSELLING; ABSTRACT; INTRODUCTION; AGENCY ACROSS CAREER COUNSELLING APPROACHES; AGENCY IN SOCIAL CONSTRUCTIONISM; AGENCY IN ACTION THEORY; CASE EXAMPLE: AGENCY IN A PARENT-ADOLESCENT CONVERSATION 1; CASE EXAMPLE: AGENCY IN CAREER COUNSELLING; CAREER COUNSELLING AS AGENCY; CONCLUSION; REFERENCES; CHAPTER 4 CAREER MEANING MAKING: AN ESSENTIAL IN LIFE; ABSTRACT; INTRODUCTION; MEANING MAKING IN CAREER PSYCHOLOGY 327 $aCAREER MEANING MAKING: SOME ESSENTIAL EXEMPLARS CAREER MEANING MAKING: IMPLICATIONS FOR PRACTICE; CONCLUSION; REFERENCES; CHAPTER 5 SELF-IDENTITY CONSTRUCTION AND REFLEXIVITY; ABSTRACT; INTRODUCTION; SELF-IDENTITY: A DYNAMIC SYSTEM OF SUBJECTIVE IDENTITY FORMS; PRACTICAL IMPLICATIONS FOR COUNSELLING; TWO SUCCINCT ANALYSES OF INTERVIEWS WITH HIGH-SCHOOL STUDENTS; CONCLUSION; REFERENCES; CHAPTER 6 LIFE THEMES IN CAREER COUNSELLING; ABSTRACT; INTRODUCTION; A DIALOGICAL APPROACH TO CAREER COUNSELLING; CONCLUSION; REFERENCES; CHAPTER 7 CONNECTEDNESS AND DIALOGISM IN CAREER THEORY AND PRACTICE 327 $aABSTRACT INTRODUCTION; THE AUTONOMOUS SELF IN PSYCHOLOGY; CAREER COUNSELLING AND THE AUTONOMOUS SELF; ENTER POSTMODERNISM: CONSTRUCTIVIST AND SOCIAL CONSTRUCTIONIST CRITIQUES; CONNECTEDNESS AND EMBEDDEDNESS IN PSYCHOLOGY AND SELF-UNDERSTANDING; DIALOGICAL RELATIONSHIPS; CONNECTEDNESS: IMPLICATIONS FOR CAREER COUNSELLING; CONNECTEDNESS AND CAREER COUNSELLING: A CASE STUDY; CONCLUSION; REFERENCES; CHAPTER 8 REFLECTION: A CONSTRUCTIVE SPACE FOR CAREER DEVELOPMENT ; ABSTRACT; INTRODUCTION; REFLECTION, REFLECTIVITY AND REFLEXIVITY; THE PROCESS, PURPOSE AND BENEFITS OF REFLECTION 327 $aMODELS OF REFLECTION BEYOND KOLBA REFLECTIVE TECHNIQUE FOR WORKING WITH CLIENTS; CONCLUSION; REFERENCES; CHAPTER 9 CARRE SENSE-MAKING: AN EMOTIONAL, COGNITIVE AND SOCIAL PROCESS; ABSTRACT; INTRODUCTION; UNDERSTANDING CAREERS AS PROCESSES; UNDERSTANDING HOW NARRATIVES ARE PRODUCED; THE IMPORTANCE OF IN-THE-MOMENT EMOTIONS; THE SOCIAL NATURE OF EMOTIONS; THE INTERPLAY BETWEEN AFFECT, COGNITION AND BEHAVIOUR; CONCLUSION; REFERENCES; CHAPTER 10 QUALITATIVE CAREER ASSESSMENT; ABSTRACT; INTRODUCTION; WHAT IS QUALITATIVE CAREER ASSESSMENT?; QUALITATIVE CAREER ASSESSMENTS: PROCESS AND OPTIONS 327 $aUSING QUALITATIVE CAREER ASSESSMENT: EXCERPTS FROM THE CASE OF STELLA 330 $aVocational guidance fits industrial societies and career counseling suits corporate cultures. However, neither guidance nor counseling seems to be the best practice for career intervention in the global economy of the information era. Thus, the emergence of career construction theory for comprehending vocational behavior and life-design interventions to assist people in choosing an adapting to work roles. This book examines and elaborates on the structural elements assembled into models of self-making, career constructing, and life designing. 410 0$aProfessions - Training, Education and Demographics 606 $aConstructivism (Psychology) 606 $aVocational education 608 $aElectronic books. 615 0$aConstructivism (Psychology) 615 0$aVocational education. 676 $a331.702 701 $aMcMahon$b Mary$f1955-$0925568 701 $aWatson$b M. B$g(Mark Brownlee),$f1949-$0925569 801 0$bMiAaPQ 801 1$bMiAaPQ 801 2$bMiAaPQ 906 $aBOOK 912 $a9910452660803321 996 $aCareer counseling and constructivism$92078200 997 $aUNINA LEADER 03348nam 22008055 450 001 9910349385903321 005 20251225205526.0 010 $a9783030052348 010 $a3030052346 024 7 $a10.1007/978-3-030-05234-8 035 $a(CKB)4100000007334861 035 $a(DE-He213)978-3-030-05234-8 035 $a(MiAaPQ)EBC6247399 035 $a(PPN)232963835 035 $a(EXLCZ)994100000007334861 100 $a20181229d2018 u| 0 101 0 $aeng 135 $aurnn|008mamaa 181 $ctxt$2rdacontent 182 $cc$2rdamedia 183 $acr$2rdacarrier 200 10$aAlgorithms and Architectures for Parallel Processing $eICA3PP 2018 International Workshops, Guangzhou, China, November 15-17, 2018, Proceedings /$fedited by Ting Hu, Feng Wang, Hongwei Li, Qian Wang 205 $a1st ed. 2018. 210 1$aCham :$cSpringer International Publishing :$cImprint: Springer,$d2018. 215 $a1 online resource (IX, 202 p. 94 illus., 48 illus. in color.) 225 1 $aTheoretical Computer Science and General Issues,$x2512-2029 ;$v11338 311 08$a9783030052331 311 08$a3030052338 320 $aIncludes bibliographical references and index. 330 $aThis book constitutes the workshop proceedings of the 18th International Conference on Algorithms and Architectures for Parallel Processing, ICA3PP 2018, held in Guangzhou, China, in November 2018. The 24 full papers presented were carefully selected and reviewed from numerous submissions to the two following workshops: - ICA3PP 2018 Workshop on Intelligent Algorithms for Large-scale Complex Optimization Problems - ICA3PP 2018 Workshop on Security and Privacy in Data Processing . 410 0$aTheoretical Computer Science and General Issues,$x2512-2029 ;$v11338 606 $aAlgorithms 606 $aComputer networks 606 $aCryptography 606 $aData encryption (Computer science) 606 $aData protection 606 $aApplication software 606 $aArtificial intelligence 606 $aAlgorithms 606 $aComputer Communication Networks 606 $aCryptology 606 $aData and Information Security 606 $aComputer and Information Systems Applications 606 $aArtificial Intelligence 615 0$aAlgorithms. 615 0$aComputer networks. 615 0$aCryptography. 615 0$aData encryption (Computer science) 615 0$aData protection. 615 0$aApplication software. 615 0$aArtificial intelligence. 615 14$aAlgorithms. 615 24$aComputer Communication Networks. 615 24$aCryptology. 615 24$aData and Information Security. 615 24$aComputer and Information Systems Applications. 615 24$aArtificial Intelligence. 676 $a004.35 676 $a005.1 702 $aHu$b Ting$4edt$4http://id.loc.gov/vocabulary/relators/edt 702 $aWang$b Feng$4edt$4http://id.loc.gov/vocabulary/relators/edt 702 $aLi$b Hongwei$4edt$4http://id.loc.gov/vocabulary/relators/edt 702 $aWang$b Qian$4edt$4http://id.loc.gov/vocabulary/relators/edt 801 0$bMiAaPQ 801 1$bMiAaPQ 801 2$bMiAaPQ 906 $aBOOK 912 $a9910349385903321 996 $aAlgorithms and Architectures for Parallel Processing$9773147 997 $aUNINA